O reino das sete pontas (Registo nº 2204)

Detalhes MARC
000 -Etiqueta do registo
Cabeçalho 00732nam a22002411 4500
005 - Identificador da versão
Campo de controlo 20240813121927.0
095 ## -
-- PTBN00271213
100 ## - Dados gerais de processamento
Dados gerais de processamento 19910615d1984 da y0pory5003 ba
102 ## - Pais de publicação ou produção
País de publicação Portugal
101 0# - Língua de publicação
Língua do texto, banda sonora, etc. Português
106 ## - Campo de dados codificados: material textual
Dados codificados do material textual r
215 ## - Descrição física 
Indicação específica da natureza do documento e extensão da espécie 31, [1] p.
Outras indicações físicas il.
Dimensões 30 cm
200 1# - Titulo e menção de responsabilidade
Título próprio O reino das sete pontas
Primeira menção de responsabilidade Matilde Rosa Araújo
Outras menções de responsabilidade il. de Manuela Bacelar
210 ## - Publicação, Distribuição, etc. 
Lugar da edição, distribuição, etc. Lisboa
Nome do editor, distribuidor, etc. Horizonte
Data da publicação, distribuição, etc. imp. 1984
606 ## - Nome comum usado como assunto
Número de registo de entrada de autoridade 0001020
Palavra de ordem Literatura portuguesa infanto-juvenil
Subdivisão de assunto Romance de aventuras
675 ## - Classificação Decimal Universal (CDU)
Notação 821.134.3-311.3
Edição
Língua da edição por
702 #1 - Nome de autor-pessoa física (responsabilidade secundária)
Número de registo de entrada de autoridade 0000548
Palavra de ordem Bacelar
Outra parte do nome não tomada para palavra de ordem Manuela
Datas 1943-
Código de função Ilustrador / Técnico de desenho computorizado
700 #1 - Nome de autor-pessoa física (responsabilidade principal)
Número de registo de entrada de autoridade 0000069
Palavra de ordem Araújo
Outra parte do nome não tomada para palavra de ordem Matilde Rosa
Datas 1921-
942 ## - Elementos de entrada adicionados (Koha)
Tipo de item no Koha Livro
Exemplares
Situação do levantamento Origin of item (home branch) (coded) Biblioteca de empréstimo Código de barras Cota Circulation type (not for loan) Tipo de documento Nota do exemplar Damaged status
  Biblioteca Escolar da Coca Maravilhas Biblioteca Escolar da Coca Maravilhas BECM922/91 8POR ARA   Livro Sem mensagem  
  Biblioteca Escolar da Coca Maravilhas Biblioteca Escolar da Coca Maravilhas BECM3771/98 8POR ARA   Livro Sem mensagem  
  Biblioteca Escolar da Coca Maravilhas Biblioteca Escolar da Coca Maravilhas BECM4471/99 8POR ARA   Livro Sem mensagem